000 02863nam0a2200385 4500
001 RU\NLR\BIBL_A\022710178
005 20260326161047.0
010 _a978-5-6054826-1-1
_9100
021 _aRU
_bКН-П-25-075785
_9КН-П-25-7346
035 _a(NLR Aleph) 022710178
090 _a13643767
_c13643767
100 _a20260128d2025 k y0rusy50 ca
101 0 _arus
102 _aRU
105 _aa z 100zy
181 0 _ai3
_baxxe
182 0 _an
200 1 _aСтратегия развития государственного управления и реального сектора экономики: теория и практика
_eсборник трудов Всероссийской научно-практической конференции с международным участием, (Оренбург, 18 апреля 2025 г.)
_fПравительство Российской Федерации, Федеральное государственное бюджетное образовательное учреждение высшего образования "Российская академия народного хозяйства и государственной службы при Президенте Российской Федерации", Оренбургский филиал
_gпод общей редакцией д-ра экон. наук, профессора А. П. Тяпухина
203 _aТекст
_bвизуальный
_cнепосредственный
210 _aОренбург
_cОренбургский филиал РАНХИГС
_d2025
215 _a489 с.
_cил., цв. ил.
_d21
320 _aБиблиогр. в конце ст.
606 1 _aГосударственное управление
_jСъезды, совещания и т.п
_2nlr_sh1
_2nlr_sh2
_3RU\NLR\AUTH\66314324
606 1 _aРегиональная экономика
_jСъезды, совещания и т.п
_2nlr_sh1
_2nlr_sh2
_3RU\NLR\AUTH\66246643
686 1 _aУ21(0)я431
686 1 _aУ04(2Р)9я431
686 1 _aХ621.011я431
702 1 _aТяпухин
_bА. П.
_cд-р экон. наук
_gАлексей Петрович
_3RU\NLR\AUTH\77119596
_4340
711 1 2 _a"Стратегия развития государственного управления и реального сектора экономики: теория и практика", всероссийская научно-практическая конференция с международным участием
_f2025
_eОренбург
_3RU\NLR\AUTH\880638165
712 0 1 _aРоссийская Федерация
_bПравительство
_3RU\NLR\AUTH\883349
_4570
942 _cBOOK
980 _aNB